|
|
|
|
| LEADER |
00000cam a2200000 7i4500 |
| 001 |
0000002064 |
| 005 |
20020919.0 |
| 020 |
0 |
0 |
|a 156670510X
|
| 090 |
0 |
0 |
|a 634.9068
|b MAS 2001
|
| 100 |
1 |
0 |
|a MASER
|h Chris
|
| 245 |
1 |
0 |
|a Forest certification in sustainable development :
|b healing the landscape
|c Chris Maser, Walter Smith
|
| 260 |
0 |
0 |
|a Boca Raton :
|b Lewis Pub. ,
|c 2001
|
| 300 |
|
|
|a xix, 235 p. :
|b ill. ;
|c 24 cm.
|
| 500 |
0 |
0 |
|a Bibliography: (p. 229-232)
|
| 650 |
0 |
0 |
|a Forest management
|x Standards
|
| 650 |
0 |
0 |
|a Forest products
|x Certification
|
| 650 |
0 |
0 |
|a Sustainable forestry
|
| 700 |
0 |
1 |
|a Smith
|h Walter
|
| 998 |
|
|
|a JPSM
|
| 999 |
|
|
|a 0000003447
|b Monograph
|c Open Shelf
|e Default branch
|